zpět

Detail výsledku týmu

The Pub Praha 2 PO, Praha

Datum a čas kvízu

14 Celkem bodů Celkový počet nahraných bodů na tomto kvízu bez doplňovacích otázek.
13. Pořadí na kvízu Konečné umístění týmu na tomto kvízu.

Zaznamenané odpovědi

# Otázka Odpověď Body Výsledky
1. Ve čtvrtek se v pražské Sněmov... dalajláma (Tändzin Gjamccho) 0
2. Donald Trump v pátek, na Den n... Velký krásný zákon (Big Beautiful Bill) 0
3. Minulý týden proběhl v Ostravě... Beats for Love 0
4. Minulý týden jsme se dozvěděli... za Sandru Bullock 0
5. 57letý bývalý tenista, trojnás... Boris Becker 0
6. V tomto tématu se budeme zabýv... Pilsner Urquell 1
7. V reklamách společnosti Tipspo... stačí jen začít 0
8. Která česká tenistka si zahrál... Karolína Plíšková 0
9. Který tenista vytvořil několik... Novak Djoković 1
10. Ne vždy sportovci produktům, n... Coca-Cola 1